| 000 | 00424nam a2200169Ia 4500 | ||
|---|---|---|---|
| 999 |
_c475 _d475 |
||
| 020 | _a0-7069-1369-8 | ||
| 082 | _a340.50954 BAX-; | ||
| 100 | _aBaxi, Upendra | ||
| 245 | 0 | _aCrisis of the Indian legal system | |
| 260 |
_aNew Delhi _bVikas Publishing _c1982 |
||
| 300 | _a405p. | ||
| 504 | _aAlternatives in development : Law | ||
| 650 | _aCourts - India | ||
| 650 | _aCrises - India | ||
| 650 | _aLaw - India | ||
| 942 | _cBK | ||